000
00252nam a22001217a 4500
008
181214b xxu||||| |||| 00| 0 eng d
041
_a
eng
080
_a
616.12
100
_a
7
101
_a
KAR
245
_a
Heart Sounds
_c
James.[
942
_2
udc
_c
BK
999
_c
53129
_d
53129